| 000 | 00732 a2200205 4500 | ||
|---|---|---|---|
| 001 | 53823 | ||
| 005 | 20260407155809.0 | ||
| 008 | 260407a1992 arg spa d | ||
| 003 | AR-UNSa-BCEJYS | ||
| 040 |
_aAR-UNSa-BCEJYS _bspa _cAR-UNSa-BCEJYS |
||
| 080 |
_a339.72 _xPagos internacionales. Moneda internacional y mercado de capitales |
||
| 245 | 1 | 0 | _aNormativa del mercado de capitales en la Argentina |
| 020 | _a950-572-227-3 | ||
| 264 | 1 |
_aBuenos Aires : _bVíctor P. de Zavalía _c1992 |
|
| 300 |
_a525 p. _c20 cm. |
||
| 505 | _a1. Leyes y decretos - 2. Normativa de la Comisión Nacional de Valores - 3. Entidades autorreguladas | ||
| 942 | _cBK | ||
| 590 | _aniveau_biblio:m niveau_hierar:0 | ||
| 100 | 1 | _aBianchi, Roberto A. | |
| 999 |
_c5248 _d5248 |
||